| 000 | 00599nam a2200205 u 4500 | ||
|---|---|---|---|
| 005 | 20210223130602.0 | ||
| 008 | 080805s2006 r 000 0 eng d | ||
| 020 | _a9789583018442 | ||
| 035 | _aUPN01000159041 | ||
| 049 | _aI | ||
| 050 | 4 |
_aQH75 _bR6.3 |
|
| 100 | 1 |
_aRobson, Pam _942872 |
|
| 245 | 1 | 0 |
_aEcosistemas / _cPam Robson ; tr. Sybell Holguín Osorio. |
| 260 |
_aBogotá : _bPanamericana, _c2006. |
||
| 300 |
_a31 p. : _bil. col. |
||
| 440 | 0 | _aJóvenes científicos | |
| 534 |
_pTitulo original: _tEcosystems |
||
| 650 | 4 |
_aECOSISTEMAS - _vLITERATURA JUVENIL _911381 |
|
| 905 | _aInfantil | ||
| 999 |
_c131155 _d131155 |
||